Movies in the Last Place Quiz Stats

 Plays Quiz Updated Aug 15, 2012

Challenge
Share
Tweet
Embed
Score 0/30 Timer 06:00
1 Play Today
Lasts Movie % Correct
Close AttractionFatal Attraction
86.7%
Cusack MalkovichBeing John Malkovich
86.3%
Monroe HotSome Like It Hot
85.9%
Belushi BrothersThe Blues Brothers
85.7%
DiCaprio CanCatch Me If You Can
85.5%
Williams SocietyDead Poets Society
80.5%
Thurman 2Kill Bill: Vol. 2
80%
Washington BriefThe Pelican Brief
78.2%
De Niro ThisAnalyze This
75.3%
Black RockSchool of Rock
72.4%
Grant HillNotting Hill
69%
Crystal ThatAnalyze That
68.6%
Connery ForeverDiamonds Are Forever
66%
Hepburn QueenAfrican Queen
61.9%
Price WaxHouse of Wax
61.9%
Lasts Movie % Correct
Winger GentlemanAn Officer and a Gentleman
60.9%
Stiller BitesReality Bites
57.3%
Travolta TooLook Who's Talking Too
56.9%
Guest TapThis Is Spinal Tap
55.9%
Cruise MenA Few Good Men
48.1%
Garland LouisMeet Me in St. Louis
44.9%
Marx BusinessMonkey Business
41.3%
Bogart MutinyThe Caine Mutiny
40.7%
Cage TessGuarding Tess
40.5%
Wilder CrazyStir Crazy
32.1%
Wood GrassSplendor in the Grass
24.4%
Lemmon CookieThe Fortune Cookie
22.4%
Sellers RoaredThe Mouse That Roared
22.2%
Holliday YesterdayBorn Yesterday
17.9%
Pitt ItA River Runs Through It
14.8%

You're not logged in!

Compare scores with friends on all Sporcle quizzes.
OR
Log In

You Might Also Like...

Show Comments

Extras

Top Quizzes Today


Score Distribution

Your Account Isn't Verified!

In order to create a playlist on Sporcle, you need to verify the email address you used during registration. Go to your Sporcle Settings to finish the process.

Report this User

Report this user for behavior that violates our Community Guidelines.

Details: